• 首页
  • 本馆介绍
  • 公告通知
  • 最新文献
  • 馆藏检索
  • 电子资源
  • 读者导购
  • 参考咨询
  • 我的图书馆
  • 登录
  • 详细信息显示
  • 放入我的书架
  • 预约/预借图书
  • 作者相关作品
  • 分类相关作品
  • 丛书相关作品
  • 出版社相关作品

书目信息

  • 表格格式
  • 工作单格式
  • 卡片格式
题名:
色彩笔画入门奥秘
    
 
作者: 迟恨非 著
分册:  
出版信息: 沈阳   辽宁美术出版社  1998.07
页数: 100页
开本: 26cm
丛书名: 百业精技入门奥秘系列丛书
单 册:
中图分类: J216
科图分类:
主题词: 绘画--技法(美术)
电子资源:
ISBN: 7-5314-1886-X
000 00630nam0 2200217 45
001 0003061692
005 20040517093718.7
010    @a7-5314-1886-X@dCNY41.50
100    @a20000306d1998 km y0chiy0120 ea
101 0  @achi
105    @a z 000yy
200 1  @a色彩笔画入门奥秘@ASe Cai Bi Hua Ru Men Ao Mi@f迟恨非著@FChi Hen Fei Zhu
210    @a沈阳@c辽宁美术出版社@d1998.07
215    @a100页@d26cm
225    @a百业精技入门奥秘系列丛书
410    @12001 @a百业精技入门奥秘系列丛书
606 0  @a绘画@x技法(美术)
690    @aJ216@v1
701  0 @a迟恨非@4著
801    @aCN@bTSTC@c20000308
905    @dJ216@e137@f1@b285556
    
    色彩笔画入门奥秘/迟恨非著.-沈阳:辽宁美术出版社,1998.07
    100页;26cm.-(百业精技入门奥秘系列丛书)
    
    
    ISBN 7-5314-1886-X:CNY41.50
    
●
相关链接 在E读中查询图书 在五车中查询图书 在当当中查询图书 在豆瓣中查询图书


正题名:色彩笔画入门奥秘     索取号:J216/137         预约/预借

序号 登录号 条形码 馆藏地/架位号 状态 备注
1 0285556   002855565   第一借阅区/ [索取号:J216/137] 在馆    
2 0285557   002855574   第一样本阅览室/ [索取号:J216/137] 在馆    
唐山师范学院图书馆 欢迎您!
大连网信软件有限公司© 版权所有